Paroles - Tu t'laisses aller - Charles Aznavour - Statistiques

Statistiques générales
  • Ce quiz a été pris 25 fois
  • Le résultat moyen est 205 sur 314
Statistiques - réponses
Réponse % Correct
à
100%
aller
100%
Je
100%
je
100%
ma
100%
m'a
100%
me
100%
te
100%
t'es
100%
T'es
100%
tes
100%
Tes
100%
tu
100%
Tu
100%
ce
94%
De
94%
de
94%
94%
la
94%
le
94%
Le
94%
que
94%
Que
94%
Et
88%
et
88%
mon
88%
qui
88%
Qui
88%
ta
88%
es
82%
pour
82%
Pour
82%
Tout
82%
tout
82%
un
82%
Avec
76%
Comme
76%
comme
76%
des
76%
j'ai
76%
J'ai
76%
pu
76%
quelle
76%
sa
76%
sur
76%
t'laisses
76%
toi
76%
ton
76%
moi
71%
pas
71%
rien
71%
Si
71%
tête
71%
une
71%
vie
71%
ai
65%
bas
65%
bigoudis
65%
ça
65%
C'est
65%
cœur
65%
dire
65%
en
65%
faire
65%
fais
65%
j'en
65%
J'en
65%
jour
65%
laisse
65%
marre
65%
mes
65%
65%
peu
65%
regarder
65%
Au
59%
belle
59%
cour
59%
c'que
59%
mal
59%
par
59%
allure
53%
bien
53%
chaussures
53%
Comment
53%
commérages
53%
corps
53%
Devant
53%
devant
53%
drôle
53%
femme
53%
n'as
53%
petite
53%
soir
53%
contre
47%
courage
47%
demande
47%
donné
47%
d'y
47%
fille
47%
hargne
47%
l'alcool
47%
mère
47%
plaire
47%
Qu'a
47%
Redeviens
47%
sage
47%
sale
47%
Sans
47%
sourire
47%
t'ai
47%
tant
47%
tombant
47%
vieux
47%
Accroche
41%
Afin
41%
assez
41%
beau
41%
caractère
41%
d'âme
41%
effort
41%
envie
41%
face
41%
fait
41%
ferais
41%
fermé
41%
gros
41%
inspirer
41%
l'amour
41%
montagnes
41%
monte
41%
Oui,
41%
peignoir
41%
puiser
41%
ressembles
41%
serait
41%
sport
41%
t'avouer
41%
venin
41%
Ah
35%
ai-je
35%
as-tu
35%
battre
35%
bonheur
35%
d'rigoler
35%
espoir
35%
faut
35%
glace
35%
lot
35%
l'sais
35%
maigrir
35%
maintenant
35%
m'enlève
35%
m'exaspères
35%
m'tyrannises
35%
oser
35%
Parfois
35%
parfois
35%
place
35%
pourrait
35%
Pourtant
35%
pris
35%
qu'j'te
35%
subis
35%
t'attends
35%
t'exagères
35%
tyran
35%
amis
29%
Arrange-toi
29%
brute
29%
chaque
29%
Dieu
29%
entière
29%
fuir
29%
l'dise
29%
Maquille
29%
passé
29%
peste
29%
rencontrée
29%
reprendre
29%
t'as
29%
t'étrangler
29%
trop
29%
voudrais
29%
voulais
29%
ans
24%
changé
24%
cinq
24%
décroché
24%
déteste
24%
J'aimerais
24%
j'te
24%
lieu
24%
malgré
24%
m'apostrophes
24%
pense
24%
souvent
24%
t'aliéner
24%
t'taisais
24%
catastrophe
18%
Essaie
18%
gentille
18%
m'contredis
18%
montrer
18%
d'penser
12%
Aucun quiz correspondant
Distribution des résultats
% des personnes avec chaque résultat
Percentile par nombre de réponses
Votre historique - résultats
Vous n’avez pas pris ce quiz